[Event "Sarajevo Bosnia 31st"]
[Site "Sarajevo"]
[Date "2001.05.13"]
[Round "1"]
[White "Dizdarevic, Emir"]
[Black "Dreev, Alexey"]
[Result "1/2-1/2"]
[WhiteElo "2501"]
[BlackElo "2685"]
[Annotator "Horn,Pe"]
[PlyCount "110"]
[EventDate "2001.05.13"]
[EventType "tourn"]
[EventRounds "9"]
[EventCountry "BIH"]
[EventCategory "16"]
[SourceTitle "CBM 084"]
[Source "ChessBase"]
[SourceDate "2001.09.13"]
[SourceVersion "1"]
[SourceVersionDate "2001.09.13"]
[SourceQuality "1"]

1. Nf3 d5 2. g3 Bg4 3. Bg2 Nd7 4. c4 e6 5. Qb3 Nc5 6. Qc2 Nf6 (6... c6 {
wurde mehrfach gespielt, scheint mir aber weniger genau.}) 7. d3 Be7 8. O-O O-O
9. b3 ({Auf} 9. b4 {war Dreev sicher gefaßt. Es bleibt aber im Dunkeln, was er
beabsichtigt hatte, vielleicht:} Ncd7 10. a3 a5 11. b5 dxc4 12. dxc4 (12. Qxc4
Bxf3 13. Bxf3 Ne5 $11) 12... Bf5 $132) 9... a5 $146 (9... c6 10. Bb2 Nfd7 11.
Nbd2 Bf6 12. b4 Na6 13. Qb3 Bxb2 14. Qxb2 Qe7 $13 {Pytel,K-Sydor,A/Gdynia 1973}
) 10. Nbd2 c6 11. Bb2 {Nun ist eine "Normalstellung" mit dem schwarzen
Mehrtempo Nd7-c5 entstanden. Es ist aber nicht von vornherein klar, ob der N
auf c5 wirklich besser steht als auf d7.} Nfd7 12. a3 b5 13. Rab1 ({Der Schlag
im Zentrum} 13. Nd4 Qb6 14. h3 Bh5 15. cxb5 cxb5 16. e4 {führt nach} Bf6 {
zu unübersichtlichen Verwicklungen. Mein Eindruck ist, daß Schwarz dabei nicht
schlecht wegkommt.}) 13... b4 14. Ra1 Qc7 15. Rfc1 Qb7 16. Qd1 (16. d4 Bf5 17.
Qd1 Ne4 $11) 16... Bf5 17. Ra2 Bxd3 $5 {Für die geopferte Figur bekommt Dreev
2 Zentralbauern und die Initiative.} 18. axb4 axb4 19. Rxa8 Rxa8 20. exd3 Nxd3
21. Rc2 e5 22. Bxe5 {Dizdarevic entscheidet sich, das geopferte Material
sofort zurückzugeben.} ({Kritisch war} 22. cxd5 cxd5 23. Nf1 e4 $44 {Mit} 24.
Ne3 {kann Weiß dann Friedensangebote machen} ({oder mit} 24. N3d2) ({oder} 24.
Ne1 {die Figur behaupten.}) 24... Nxb2 25. Rxb2 exf3 26. Bxf3 Nb6 27. Nxd5 $11)
22... N7xe5 23. Nxe5 Nxe5 24. cxd5 cxd5 25. Nc4 Nxc4 26. Rxc4 (26. Bxd5 Rd8 27.
bxc4 $11) 26... Ra5 27. Bf3 Bf6 28. Kg2 Bc3 29. Re4 $15 {Schwarz hat zwar
einen Mehrbauern, aber die ungleichen B erzeugen eine deutliche Remistendenz.}
Qd7 30. Qd3 g6 31. Re2 Kg7 32. h4 h5 33. Re3 Bf6 34. Re2 Rc5 35. Rd2 d4 36. Qe4
Rc3 37. Qd5 Qc7 38. Be4 Rc5 39. Qb7 Qe5 40. Rd3 Qe6 41. Bf3 Qe1 42. Bd5 Rc1 43.
Qxf7+ Kh6 44. Qf8+ Bg7 45. Qf4+ Kh7 46. Kh2 Qg1+ 47. Kh3 Qf1+ ({Auch} 47... Rc5
48. Bg2 Rf5 49. Qe4 Rxf2 50. Qd5 {ist kaum zu gewinnen.}) 48. Kh2 Qxd3 49. Qxc1
Qf5 50. Qh1 Qxf2+ 51. Qg2 Qe3 52. Qf3 Qe7 53. Be4 Qe5 54. Bd3 Bf6 55. Qe4 Qxe4
1/2-1/2

[Event "Minsk Boleslavsky Memorial"]
[Site "Minsk"]
[Date "1994.??.??"]
[Round "8"]
[White "Lyrberg, Patrik"]
[Black "Luther, Thomas"]
[Result "1/2-1/2"]
[WhiteElo "2415"]
[BlackElo "2515"]
[Annotator "Horn,Pe"]
[PlyCount "81"]
[EventDate "1994.02.??"]
[EventType "tourn"]
[EventRounds "11"]
[EventCountry "BLR"]
[EventCategory "10"]
[SourceTitle "CBM 042"]
[Source "ChessBase"]
[SourceDate "1994.10.01"]
[SourceVersion "1"]
[SourceVersionDate "1994.10.01"]
[SourceQuality "1"]

1. Nf3 d5 2. g3 c6 3. Bg2 Bg4 4. O-O Nd7 5. d3 Ngf6 6. Nbd2 e5 7. e4 Bd6 8. h3
Bh5 9. Qe1 O-O 10. Nh4 Re8 11. Bf3 $146 (11. f4 $13) (11. Nf5 Bf8 12. f4 $13 (
12. Nf3 $13)) 11... Bxf3 12. Nhxf3 (12. Ndxf3 Nc5 $15) 12... Nc5 13. Qe2 a5 14.
b3 Ne6 15. a3 $6 (15. Bb2 Nd7) 15... Nd4 16. Nxd4 exd4 17. Bb2 c5 18. Qf3 dxe4
19. dxe4 a4 20. b4 cxb4 (20... b6 $5) 21. Bxd4 Be5 (21... bxa3 22. Nc4 (22. e5
$2 Bxe5 23. Bxe5 Rxe5 24. Nc4 Rc5) (22. Bxf6 $2 Qxf6 23. Qxf6 gxf6 24. Nc4 Bc5)
22... Be7 23. Rfd1 Qc7 24. Nb6 Rad8 25. e5 Rxd4 26. Rxd4 Qxb6 27. Rdd1) 22.
Bxe5 Rxe5 23. Rfd1 Qc8 24. axb4 Qxc2 (24... Qxh3 25. Nc4 Ree8) 25. Rac1 Qa2 26.
Nc4 Rxe4 27. Nd6 Qe2 (27... Rxb4 $2 28. Qc3 $18) (27... Re6 $2 28. Qxb7 Rf8 29.
Rc8 $18) (27... Re7 $2 28. Nc8 Re8 29. Qxb7 Ne4 30. Rf1 $18) 28. Qc3 Re6 29.
Re1 Qxe1+ 30. Rxe1 Rxd6 31. b5 h5 32. Ra1 Re6 33. Ra3 b6 34. Qc4 Ra5 35. Rxa4
Re4 36. Qc8+ Re8 37. Qc4 Re4 38. Qc8+ Re8 39. Qc2 Rxb5 40. Ra7 Rd5 41. Qc7
1/2-1/2

[Event "London WFW"]
[Site "London"]
[Date "1991.??.??"]
[Round "?"]
[White "Larsen, Bent"]
[Black "Sadler, Matthew D"]
[Result "1/2-1/2"]
[WhiteElo "2560"]
[BlackElo "2440"]
[Annotator "Horn,Pe"]
[PlyCount "238"]
[EventDate "1991.05.??"]
[EventType "tourn"]
[EventRounds "13"]
[EventCountry "ENG"]
[EventCategory "11"]
[SourceTitle "CBM 024"]
[Source "ChessBase"]
[SourceDate "1991.10.01"]
[SourceVersion "1"]
[SourceVersionDate "1991.10.01"]
[SourceQuality "1"]

1. g3 d5 2. Nf3 c6 3. Bg2 Bg4 4. b3 Nd7 5. Bb2 Ngf6 6. O-O Qc7 7. c4 {N} (7. d4
e6) 7... dxc4 8. bxc4 e5 9. Nc3 Be7 10. d3 O-O 11. Nd2 Rad8 12. Qc2 Nc5 13. Nb3
Rfe8 14. Kh1 Qd7 15. f3 Bh5 16. Rad1 Nxb3 17. axb3 Bc5 18. Bc1 h6 19. Na4 Bb4
20. Be3 Qe7 21. Ra1 b6 22. Bh3 (22. h4 $5 {/\ Bh3}) 22... Bg6 23. Nc3 Qb7 24.
Ne4 Bxe4 25. fxe4 {/\ Bxh6} Nh7 26. Qc1 Be7 27. Bf5 g6 28. Bg4 h5 29. Bf3 c5
$10 30. h3 a5 31. Kh2 Qc7 32. Qd2 Rd7 33. Rf2 Qd8 34. h4 Rd6 35. Qc3 Rc6 36.
Raf1 (36. Qxe5 $4 Bf6) 36... Bf6 37. Bg2 Re7 38. Bh3 Kg7 39. Rf3 Kg8 40. Qe1
Rec7 41. Qf2 Ra7 42. Rh1 Qe7 43. Kg2 Rb7 44. Rf1 Ra7 45. Bd2 Rb7 46. Be1 Bg7
47. Qe3 Qf8 48. g4 Nf6 49. Rg3 hxg4 50. Bxg4 Bh6 51. Qf3 Nh7 52. Kh1 Bf4 53.
Rgg1 Re7 54. Qh3 Rd6 55. h5 Qh6 56. Bf5 Kh8 57. hxg6 Qxh3+ 58. Bxh3 Rxg6 59.
Rxg6 fxg6 60. Kg2 Kg7 61. Bh4 Bg5 62. Bg3 Nf6 63. Bf2 Ne8 64. Rg1 Nd6 65. Kf1
Kh6 66. Ke1 Ra7 67. Rh1 Kg7 68. Bg3 (68. Be6 a4 69. bxa4 Rxa4 70. Kf1 Ra1+ 71.
Kg2 Rxh1 72. Kxh1 $10) 68... Re7 69. Kd1 Kg8 70. Bg4 Kg7 71. Kc2 Kg8 72. Rf1
Kg7 73. Kb2 Kg8 74. Rf3 Kg7 75. Kc2 Kg8 76. e3 Nf7 77. Kd2 Kg7 78. Ke2 Nd6 79.
Bh3 Bf6 80. Rf1 Bg5 81. Bg2 Nf7 82. Bf3 Bf6 83. Rd1 Kg8 84. Bg4 Nd6 85. Kf3 Nf7
86. Be1 Nd6 87. Bc3 Kg7 88. Be1 Kf8 89. Bf2 Kg7 90. Rg1 Kf8 91. Bh3 Kf7 92. Bg3
Kf8 93. Bh2 Rh7 94. Kg2 Re7 95. Kh1 Kf7 96. Rg2 Ra7 97. Rf2 Re7 98. Bg2 Kg7 99.
Kg1 Bg5 100. Re2 Bf6 101. Bg3 Nf7 102. Kf2 Kf8 103. Ke1 Ra7 104. Ra2 Nd8 105.
Kd2 Nc6 106. Ra1 Nb4 107. Bh3 Kf7 108. Bg4 Ra8 109. Rf1 Kg7 110. Bd1 Ra7 111.
Kc3 Ra8 112. Rg1 Rh8 113. Bg4 Rd8 114. Be2 Kf7 115. Rf1 Kg7 116. Rd1 Re8 117.
Bg4 Bg5 118. Kd2 Bf6 119. Ke2 Kf7 1/2-1/2

[Event "RUS-Cup4"]
[Site "Perm"]
[Date "1997.02.14"]
[Round "7"]
[White "Irzhanov, Ruslan"]
[Black "Vaulin, Alexander"]
[Result "1-0"]
[WhiteElo "2550"]
[BlackElo "2490"]
[Annotator "Horn,Pe"]
[PlyCount "65"]
[EventDate "1997.02.02"]
[EventType "swiss"]
[EventRounds "9"]
[EventCountry "RUS"]
[SourceTitle "CBM 058"]
[Source "ChessBase"]
[SourceDate "1997.06.01"]
[SourceVersion "1"]
[SourceVersionDate "1997.06.01"]
[SourceQuality "1"]

1. Nf3 d5 2. g3 Nc6 3. Bg2 e5 4. d3 Nf6 5. O-O Be7 6. Nbd2 O-O 7. c3 d4 $146 {
Selbst mit vertauschten Farben (Pirc-Verteidigung) habe ich an vergleichbarer
Stelle (ohne Nbd2 bzw. Nbd7) kein Beispiel für dies Vorgehen gefunden. Schwarz
verhindert b2-b4.} 8. Qc2 (8. Nc4 $5) 8... Be6 9. Nc4 Nd7 (9... e4 $2 10. Nxd4
Nxd4 11. cxd4 Qxd4 12. Be3 $16) 10. e3 dxc3 (10... dxe3 11. Bxe3 $14) 11. Qxc3
f6 (11... Bb4 12. Qc2 {[%cal Ya2a3]}) 12. a3 Nc5 13. d4 exd4 14. exd4 Na4 $2 {
Die Bestrafung dieses Zuges ist an dieser Stelle nicht so leicht zu erkennen.}
(14... Ne4 15. Qc2 f5 $11) 15. Qc2 Nb6 (15... Nxd4 $6 16. Qxa4 b5 17. Qd1 Nxf3+
18. Qxf3 Bxc4 19. Rd1 Bd6 20. Qxa8 Qxa8 21. Bxa8 Rxa8 22. Bf4 $16) 16. Nxb6
axb6 17. d5 $1 {Eine lehrreiche Kombination.} Bxd5 (17... Qxd5 18. Ng5 {
[%csl Re6,Rh7]} Qf5 19. Be4 $16) 18. Rd1 Qc8 $6 {fügt sich in sein Schicksal;
schöner wäre die Alternative geworden.} (18... Nb4 19. Qb1 Na6 20. Ng5 $1 fxg5
21. Rxd5 (21. Bxd5+ Kh8 22. Be3 (22. Bf3 Qe8 23. Bxb7 Bc5 $40) 22... Qb8 23.
Qc2 (23. Qe4 Bc5 24. Bxb7 Bxe3 25. Bxa8 Bxf2+ 26. Kg2 Nc5 27. Qd5 Bxg3 $13)
23... Bf6 (23... Bc5 24. Bxc5 Nxc5 25. b4 $16) 24. Be4 $44) 21... Qc8 22. Bxg5
$16) 19. Rxd5 Nb4 20. Qd1 Nxd5 21. Qxd5+ Kh8 22. Be3 $18 c6 23. Qb3 Bc5 24.
Bxc5 bxc5 25. Qc2 b6 26. Nh4 f5 27. Bh3 g6 28. Nf3 Kg7 29. Bf1 b5 30. Qxc5 Qe6
31. Rc1 Qf6 32. Qxc6 Qxb2 33. Qd7+ 1-0

[Event "Yerevan"]
[Site "Yerevan"]
[Date "1996.??.??"]
[Round "7"]
[White "Vaganian, Rafael A"]
[Black "Hracek, Zbynek"]
[Result "0-1"]
[WhiteElo "2615"]
[BlackElo "2650"]
[Annotator "Horn,Pe"]
[PlyCount "76"]
[EventDate "1996.04.??"]
[EventType "tourn"]
[EventRounds "11"]
[EventCountry "ARM"]
[EventCategory "15"]
[SourceTitle "CBM 053"]
[Source "ChessBase"]
[SourceDate "1996.08.01"]
[SourceVersion "1"]
[SourceVersionDate "1996.08.01"]
[SourceQuality "1"]

1. Nf3 {Dolmatov} Nf6 2. g3 d5 3. Bg2 c6 4. O-O Bf5 5. d3 h6 6. Nbd2 e6 7. Qe1
(7. b3 Bc5 8. Bb2 Nbd7 9. e4 Bh7 10. Qe2 (10. e5 {Sieht sehr verlockend aus,
da Weiß Zeit gewinnt. Die bislang gemachten Erfahrungen sprechen aber deutlich
gegen diesen Zug.} Ng8 {[%csl Gh7]} 11. Qe2 (11. h4 Ne7 12. h5 Nf5 13. Kh2 g6
14. hxg6 fxg6 15. d4 Bb6 16. Rh1 g5 17. g4 Ng7 18. Kg1 Bg6 19. Nf1 Qe7 20. Ng3
O-O-O $132 {Jirovsky-Hennigan/Oakham/1992}) (11. a3 a5 12. Bc3 a4 13. Qb1 b5
14. Qb2 axb3 15. Nxb3 Bb6 16. Bb4 c5 17. Bd2 Ne7 18. Nc1 Rb8 19. Ne2 O-O 20.
Nc3 Ba5 21. Nxb5 Bxd2 22. Nxd2 Qa5 23. c4 Bxd3 $17 {Hickl-Robovic/Bad Ragaz op/
1993}) 11... Ne7 12. Kh1 a5 13. Nh4 Nf8 14. f4 Nfg6 15. Ndf3 a4 16. Bh3 O-O 17.
f5 $6 Nxh4 18. Nxh4 Nxf5 19. Nxf5 Bxf5 20. Bxf5 exf5 21. Rxf5 axb3 22. axb3
Rxa1+ 23. Bxa1 Qd7 $15 {Thiede-Hracek/2.BLN/1994}) 10... O-O 11. Kh1 (11. e5
Ne8 12. Kh1 Nc7 13. Nd4 (13. Bh3) (13. Ne1) 13... a5 14. a4 Be7 15. f4 c5 16.
Nb5 $2 (16. N4f3) 16... Nxb5 17. axb5 Nb6 18. g4 $2 Qd7 19. c4 $2 (19. d4 c4
20. bxc4 dxc4 21. Qf3 Ra7 22. c3 Qxb5 23. Ra2 $15) 19... dxc4 $17 {
Weindl-Hracek/Kecskemet/1992}) 11... a5 (11... dxe4 12. dxe4 Qb6 13. Ne1 a5 14.
Nd3 Qa6 15. c4 Be7 16. e5 Bxd3 17. Qxd3 Nc5 18. Qe2 $14 {Csom-Calvo Minguez/
Malaga/1981}) 12. a3 b5 13. h4 Qb6 (13... Qe7) 14. e5 Ng4 $2 {[%csl Rg4]} (
14... Ne8) 15. d4 Be7 16. h5 $1 (16. Ne1 h5) 16... Bxc2 17. Ng1 $16 {
Larsen-Sunye Neto/Palma GMA-op/1989}) 7... Bc5 (7... Be7 {Dolmatov} 8. e4 Bh7
9. Qe2 O-O 10. b3 a5 11. a4 c5 $6 12. Ne5 $14 {Petrosian,A-Sveshnikov,E/YUG/
1990/}) 8. e4 Bh7 9. Kh1 $146 (9. Qe2 Nbd7 10. b3 {Mit einem früheren b3 kann
Weiß ein ganzes Tempo gegenüber dieser Stellung gewinnen (->7.b3), da er e2-e4
nicht erst vorbereiten muß (Qe1/e4/Qe2 bzw. e3/Qe2/e4).} (10. h3 $6 O-O 11. e5
Ne8 12. Nh2 (12. Kh1 $5 {/\ Rg1,g4}) 12... Nc7 13. Ndf3 Re8 14. Bf4 a5 15. g4
Be7 16. Bg3 (16. Kh1 $5 {/\ Rg1}) 16... a4 17. a3 Nb5 $17 {Fries Nielsen,
JO-Hracek/Rimavska Sobota/1991}) 10... O-O 11. Bb2 a5 (11... b5 12. e5 Ne8 13.
Kh1 Qb6 14. a3 a5 15. Nh4 Bd4 16. Bxd4 Qxd4 17. f4 Nc7 18. Ra2 b4 19. a4 Rae8
20. Nhf3 Qb6 21. Raa1 f6 22. exf6 Rxf6 23. Rae1 Qc5 24. Qd1 Ref8 25. Ne5 Nxe5
26. Rxe5 $14 {Haik-Miralles/Paris 1986}) 12. a3 (12. a4 Be7 13. e5 Ne8 14. Kh1
Nc7 15. Ng1 f6 16. exf6 Bxf6 17. Bxf6 Qxf6 18. f4 Qc3 19. Ndf3 Rae8 20. Rae1 b5
21. Ne5 {1/2-1/2 Gdanski,P-Sapis,W/Leningrad II 1989}) 12... Qe7 (12... b5 13.
Kh1 (13. e5 Ne8 14. Bh3 $5 Nc7 15. Nh4 Nb6 16. Ng2 Re8 17. Nf4 Bf8 18. Rac1 c5
19. c4 $13 {Shushkovskij-Lazarev/Kiev/1978}) 13... Qb6 14. Nh4 dxe4 15. Nxe4 (
15. dxe4) 15... Be7 16. Nxf6+ Bxf6 17. Bxf6 Nxf6 18. a4 $14 {Roos-Fokin/
Kobanya op/1992}) (12... Qb6 13. h3 $6 Ne8 14. d4 Be7 $10 {Brooks-Bonin/
Philadelphia op/1990}) 13. Kh1 (13. e5 Ne8 14. Kh1 (14. Rfe1 Nc7 15. Bh3 b5 16.
Kh1 Rfe8 17. Nh4 Bb6 18. f4 a4 19. b4 c5 20. bxc5 Qxc5 21. Ndf3 Ba5 22. Bd4 Qe7
23. Rg1 b4 24. axb4 Bxb4 25. g4 $2 (25. c3 Bc5) 25... Nb5 $17 {
Ivkov-Georgievski/Skopje/1976}) 14... Nc7 15. a4 (15. Nd4 Bb6 16. f4 c5 17.
N4f3 a4 18. Nh4 Ba5 19. bxa4 Nb6 20. Nb3 Nxa4 21. Nxa5 Rxa5 22. Bc1 Nb5 23. Qe1
Qd8 24. f5 $13 {Krasnov-Guliev/Moscow-ch/1994}) (15. Nh4 Nb5 $5) 15... Na6 16.
Nd4 (16. Ne1 $5) 16... Nb4 17. Rac1 Na2 18. Rce1 $6 (18. Ra1 Nb4 19. Rac1 $10)
18... Bb4 19. f4 Bc3 20. Bxc3 Nxc3 21. Qf2 c5 $36 {Rustemov-Guliev/Moscow/1995}
) 13... Ne8 (13... b5 14. e5 Ne8 15. Ne1 a4 16. b4 Bb6 17. c4 bxc4 18. dxc4 Rb8
19. Ra2 Nc7 20. c5 Ba7 21. Nef3 Nb5 22. Nd4 $14 {Vukic-Ivanovic/Krk/1976}) 14.
Ng1 Nc7 15. f4 Nb5 16. Nb1 Rfe8 17. Nf3 Rad8 18. a4 Nc7 19. e5 Bb6 20. Ba3 c5
$14 {1/2-1/2 Pogats-Szirmai/HUN-chT/1993}) 9... Nbd7 {Hracek hat keine Angst
vor e4-e5. Er hofft, daß dadurch der Bh7 an Kraft gewinnt.} 10. Qe2 (10. e5 $6
{Wenn der Zug schon mit einem weißen Mehrtempo nichts bringt, dann sollte er
hier erst recht nicht gut sein.} Ng8 $13 {[%csl Gh7][%cal Yg8e7,Ye7f5]}) 10...
O-O 11. Nh4 (11. e5 Ne8 12. Ne1 $10 {[%cal Yf2f4]}) 11... a5 12. f4 (12. a4 $5
{Dolmatov}) 12... a4 {[%cal Ra4a3]} 13. c3 {[%csl Rd3]} (13. a3 $5) (13. e5 $5
{Dolmatov} Ne8 14. f5 Be7) 13... Be7 (13... a3 $6 14. b4 $16) 14. f5 $6 {
Sehr konsequent gespielt: der Bh7 soll vom Spiel ausgesperrt werden. Es
scheint mir aber, daß Vaganian hier zu viel von seiner Stellung verlangt.} (14.
Rd1 $10) (14. exd5 $2 {Dolmatov} Nxd5 15. Nhf3 a3 $17) (14. Nhf3 {Dolmatov} Nc5
15. Nd4 Qa5 $15) 14... dxe4 15. dxe4 Ne5 16. Ndf3 {[#]} (16. Nc4 $6 Qd3 17.
Qxd3 Nxd3 18. e5 Ng4 $17) 16... Qd3 $1 $15 17. Re1 (17. Qe1 Nxf3 18. Rxf3 (18.
Bxf3 exf5 19. Nxf5 Rfe8 $17) 18... Qxe4 19. Re3 Qc4 20. fxe6 (20. Bf1 Qc5 21.
fxe6 Ng4 $17) 20... fxe6 21. Rxe6 Rae8 $17) 17... Rad8 (17... Qxe2 18. Rxe2
Nxf3 (18... Rfd8 19. Be3 Nxf3 20. Bxf3 Rd3 $15) 19. Bxf3 (19. Nxf3 exf5 20.
exf5 Rfe8 21. Bh3 Nd5 $15) 19... Rfd8 $15) 18. Bf4 (18. Nxe5 {Dolmatov} Qxe2
19. Rxe2 Rd1+ 20. Bf1 Rxf1+ 21. Kg2 Rd1 $17) 18... Qxe2 19. Rxe2 Nd3 (19...
Nxf3 20. Bxf3 Rd3 $15) 20. Rf1 $2 (20. Bc7 Rd7 21. Bb6 $15 (21. Bb6 {Dolmatov}
c5 $17)) 20... Nxf4 21. gxf4 Nh5 22. fxe6 Nxf4 $19 (22... fxe6 $6 23. f5 $15 (
23. f5 {Dolmatov} Nf4 $19)) 23. exf7+ Rxf7 24. Ree1 (24. Ref2 {Dolmatov} Bxe4
$19) 24... Bxh4 (24... Nd3 {Dolmatov} 25. Re2 Bxh4 26. Nxh4 Rxf1+ 27. Bxf1
Bxe4+ 28. Kg1 $19) 25. Nxh4 Nxg2 26. Kxg2 Rd2+ 27. Kg3 Rxf1 (27... Rxb2 28. Nf3
Rxa2 $19) 28. Rxf1 Rxb2 29. e5 (29. Rf2 a3 30. Nf5 Bxf5 31. Rxf5 Rxa2 $19 32.
Ra5 $19) 29... Rxa2 30. Rd1 Re2 31. Rd8+ Kf7 32. Rd7+ Kf8 33. Nf3 a3 (33... b5
$5) 34. Rxb7 a2 35. Ra7 c5 36. h4 Bg8 37. h5 Ke8 38. Kf4 (38. Ra8+ Kd7 39. Ra7+
Kc6 40. Ra6+ Kb5 $19) 38... Bd5 0-1

[Event "Rubinstein Memorial"]
[Site "Polanica Zdroj"]
[Date "1993.??.??"]
[Round "7"]
[White "Hickl, Joerg"]
[Black "Romanishin, Oleg M"]
[Result "1/2-1/2"]
[WhiteElo "2570"]
[BlackElo "2615"]
[Annotator "Horn,Pe"]
[PlyCount "61"]
[EventDate "1993.08.??"]
[EventType "tourn"]
[EventRounds "11"]
[EventCountry "POL"]
[EventCategory "13"]
[SourceTitle "CBM 037"]
[Source "ChessBase"]
[SourceDate "1993.12.01"]
[SourceVersion "1"]
[SourceVersionDate "1993.12.01"]
[SourceQuality "1"]

1. g3 e5 2. Bg2 d5 3. d3 Nf6 4. Nf3 Nc6 5. O-O Be7 6. c3 a5 7. Qc2 O-O 8. Nbd2
(8. e4 dxe4 9. dxe4 Bc5 10. Nbd2 Be6 11. Ng5 Bg4 12. Nc4 Qe7 13. Be3 h6 14. Nf3
Be6 15. Bxc5 Qxc5 16. Ne3 $14 {Hickl-Dückstein/Haifa/1989}) 8... a4 (8... b6 $5
9. b3 $6 Bb7 10. a3 Re8 11. Rd1 Bc5 12. Nf1 e4 $36 {T.Petrosian-L.Polugaevsky/
URS-ch/1973}) 9. e4 d4 $6 (9... Re8 $10) 10. Nc4 Nd7 11. Bh3 Bf6 12. Bd2 dxc3 (
12... Nc5 13. Bxc8 Rxc8) 13. bxc3 Nc5 14. Bxc8 Rxc8 (14... Qxc8 $5) 15. Ne1 Ra8
16. Ne3 Qd7 $2 (16... Be7 {/\ Ne6,Bc5}) 17. Rd1 Ne6 18. f4 Be7 {Remisangebot}
19. fxe5 (19. f5 $5 Ned8 20. h4 f6 (20... b6 {/\ Nb7}) 21. Nf3 {/\ g4-g5 Hickl}
Nf7) 19... Nxe5 20. d4 Ng6 21. h4 c5 22. d5 Nc7 23. Nf5 Bd6 24. Bf4 Nxf4 25.
gxf4 f6 26. c4 b5 27. Rd2 {/\ Rg2} Kh8 28. Nd3 Rae8 29. Re2 $2 (29. cxb5 Nxb5 (
29... Rxe4 30. Nxd6 Qxd6 31. Qxc5 $16) 30. Nxd6 Qxd6 31. Qxc5 Qd7 32. Nf2 $16 {
Hickl}) 29... Rxe4 $1 30. Rxe4 Qxf5 31. Nf2 $15 1/2-1/2

[Event "Amsterdam Euwe Memorial"]
[Site "Amsterdam"]
[Date "1991.??.??"]
[Round "5"]
[White "Ljubojevic, Ljubomir"]
[Black "Van der Wiel, John"]
[Result "1/2-1/2"]
[WhiteElo "2590"]
[BlackElo "2530"]
[Annotator "Horn,Pe"]
[PlyCount "117"]
[EventDate "1991.05.??"]
[EventType "tourn"]
[EventRounds "9"]
[EventCountry "NED"]
[EventCategory "16"]
[SourceTitle "CBM 023"]
[Source "ChessBase"]
[SourceDate "1991.08.01"]
[SourceVersion "1"]
[SourceVersionDate "1991.08.01"]
[SourceQuality "1"]

1. Nf3 d5 2. g3 c6 3. Bg2 Bg4 4. d3 Nd7 5. Nbd2 e6 6. O-O Bd6 7. b3 Ne7 8. Bb2
O-O 9. h3 Bh5 10. e4 c5 {N} (10... Rc8 11. Qe1 {Remis in Wilder-Van der Wiel,
Haninge 1989} c5 12. Nh4 Qb6 $6 13. Qe3 Rfe8 $2 (13... d4 14. Qe1 f6 15. f4 $14
) 14. Qg5 $18 {Portisch-Ivkov, Amsterdam 1969}) (10... a5 $5 {ist ebenfalls
aktuell}) 11. Qe1 Nc6 12. Nh2 (12. Nh4 $5) 12... Nd4 13. Bxd4 (13. Rc1 $4 Ne2+)
(13. g4 Bg6 (13... Nxc2 $2 14. Qc1 Nxa1 15. gxh5 $16) 14. Rc1 Qc7 15. Nhf3
Nxf3+ 16. Nxf3 Bf4) 13... cxd4 14. exd5 exd5 15. Bxd5 Qc7 (15... Re8 16. Ne4)
16. Nc4 Rae8 17. Qd2 Re2 18. Qg5 Bg6 19. Nf3 Be7 20. Qf4 Qxf4 21. gxf4 Rxc2 22.
Nxd4 Rc3 23. Bxb7 $16 Bf6 24. Nb5 Rxd3 25. Rad1 Nc5 26. Bg2 a6 27. Nc7 (27.
Nbd6) 27... Rfd8 28. Nd5 Rxd1 29. Rxd1 Kf8 30. Bf3 Bh4 31. Ne5 Bf5 32. Kg2 Ne6
33. Nc4 Bc2 34. Rd2 Bb1 35. Kf1 g6 36. b4 h5 37. a3 Bf5 38. Kg2 g5 39. fxg5
Nxg5 40. Bxh5 $2 (40. Nf4 Rxd2 41. Nxd2 Nxf3 42. Nxf3 (42. Kxf3 Bg5 43. Ne4
Bxf4 44. Kxf4 Bxh3 45. Nc5 Bc8 46. Kg5)) 40... Rxd5 41. Rxd5 Be4+ 42. f3 Bxd5
43. Ne3 Bc6 (43... Bb7) 44. Nf5 Be1 45. Nd4 Bd7 46. Bg4 Ne6 47. Nxe6+ fxe6 48.
f4 Bd2 49. Be2 Bb5 50. Kf3 Ke7 51. Bd1 Bd3 52. h4 Kf6 53. Kg4 e5 54. fxe5+ Kxe5
55. Kf3 Kd4 56. Be2 Kc3 57. a4 Kxb4 58. Bxd3 Kxa4 59. Bxa6 1/2-1/2

[Event "Gausdal MI 9394"]
[Site "Gausdal"]
[Date "1993.??.??"]
[Round "9"]
[White "King, Daniel J"]
[Black "Ivanov, Igor Vasilievich"]
[Result "0-1"]
[WhiteElo "2455"]
[BlackElo "2505"]
[Annotator "Horn,Pe"]
[PlyCount "84"]
[EventDate "1993.12.??"]
[EventType "tourn"]
[EventRounds "9"]
[EventCountry "NOR"]
[EventCategory "9"]
[SourceTitle "CBM 040"]
[Source "ChessBase"]
[SourceDate "1994.06.01"]
[SourceVersion "1"]
[SourceVersionDate "1994.06.01"]
[SourceQuality "1"]

1. g3 d5 2. Bg2 c6 3. Nf3 Nf6 4. O-O Bg4 5. d3 Nbd7 6. Nbd2 e5 7. e4 Bd6 8.
exd5 $146 cxd5 9. c4 d4 {Now it's Benoni reversed.} (9... O-O 10. cxd5 Nxd5 11.
Nc4 $13) (9... Nc5 $6 10. cxd5 Nxd3 11. Nc4 Nxc1 12. Qa4+ Kf8 (12... Bd7 13.
Nxd6+ Ke7 14. Qa3 Ne2+ 15. Kh1 $18) 13. Raxc1 $16) 10. h3 Bh5 11. Qe2 $6 (11.
a3 {/\ b4}) (11. g4 Bg6 12. Nh4) (11. Re1) 11... O-O 12. g4 Bg6 13. Nh4 Rb8 14.
Nxg6 (14. a3 $1) 14... hxg6 15. g5 $2 (15. a3 a5 16. Rb1 $13) 15... Nh5 16. Ne4
$6 (16. Nf3 $13) 16... Bc7 {/\ f5} 17. h4 (17. Qg4 Nf4 18. Bxf4 exf4 {/\ Ne5-/+
}) 17... f5 $17 18. gxf6 gxf6 19. Bf3 $6 (19. Qg4 $6 Kg7 {/\ f5}) (19. b4 $17)
19... Nf4 20. Bxf4 exf4 21. Nd2 Re8 22. Bd5+ Kg7 23. Qg4 Ne5 24. Qh3 (24. Qxf4
$4 Nxc4 $19) 24... f5 25. Rfe1 Rh8 $19 26. Nf3 Nxf3+ 27. Qxf3 Rxh4 28. Re6 Qg5+
29. Kf1 Rbh8 30. Rae1 Rh1+ 31. Ke2 Rxe1+ 32. Kxe1 Qg1+ 33. Kd2 Rh2 34. Re2 Bd6
35. Kc2 b6 36. a3 Qg4 37. Qxg4 fxg4 38. Kd1 f3 39. Re4 g3 40. fxg3 Rxb2 41. Re1
f2 42. Rf1 Bxa3 0-1